000 02865cam a2200721 4500
001 D3158
008 090401t1985 xxu||||| |||| 00| 0 eng d
020 _a0727702378
035 _a(Sirsi) u72046
041 _aeng
050 _a624.171
_c18
245 _aDesign life of buildings
_bproceedings of a symposium organised by the Institution of Civil Engineers in association with the Concrete Society and the Royal Institute of British Architects, held at the Institution of Civil Engineers, 26-27 November 1984
260 _aLondon
_bThomas Telford
_c1985
300 _a284p.
_bill.
_c24cm
350 _a16
505 _aDurability and design life: the breadth of the subject
505 _aSome factors affecting the durability of buildings, with particular emphasis on parking structures
505 _aA case study to illustrate design and construction factors affecting the durability of concrete structures
505 _aThe CLASP experience
505 _aConsiderations in design of prestressed concrete members effecting their durability
505 _aDurability: who really cares?
505 _aRoot causes of degradation
505 _aThe high endurance of the masonry structure
505 _aDesigning and detailing for blast
505 _aShort life structures
505 _aBuilding problems and design consdierations: the commercial developer's viewpoint
505 _aMaterials: long term behaviour
505 _aDesign performance and durability of GRC panels
505 _aDurability of brick and block masonry: plain and reinforced
505 _aSurface treatment and protection
505 _aThe consequences of poylmer-concrete mismatch
505 _aThe inter-relationship between research, durability and design life
505 _aThe impact of research on the use of corrosion-resisting alloys in construction
505 _aThe interdependance of research, durability and structural design: concrete
505 _aSteel: frames, flooringg and cladding
505 _aThe design of timber structures: a review of recent developments
690 _aBUILT ENVIRONMENT-BUILDING PATHOLOGY
700 _aSutherland, R. J. M
700 _aHill, J. D.
700 _aWest, R.
700 _aBell, S.
700 _aWalley, F.
700 _aRose, G. M.
700 _aAllen, W.
700 _aHeyman, J.
700 _aRhodes, P. S.
700 _aMillington, G. S.
700 _aKingsman, C.
700 _aMurta, K. H.
700 _aKelly, R. T.
700 _aQuinn, K. N.
700 _aHolland, R.
700 _aReid, W. M.
700 _aHewlett, P. C.
700 _aHurley, S. A.
700 _aCusens, A. R.
700 _aTreadaway, K. W. J.
700 _aSomerville, G.
700 _aTaylor, J. C.
700 _aCarruthers, J. F. S
942 _n0
948 _c04/03/1997
999 _c95477
_d95477